Two Letter Answers - Statistics

General Stats
  • This quiz has been taken 125 times
  • The average score is 6 of 10
Answer Stats
Question Answer % Correct
Short version of saying Hello Hi
97%
Chemical symbol for Iron Fe
81%
2009 Pixar movie Up
78%
A person who plays recorded music for a live audience DJ
64%
Name of NBC medical drama show ER
64%
Name the organisation which promotes international co-operation and order UN
61%
One of the four corners of a monopoly board Go
60%
Name the longest river in Italy Po
59%
What is the Roman numeral for 550? DL
39%
Name the first two letters in the postcode for 10 Downing Street, London SW
17%
No matching quizzes found
Score Distribution
Percent of People with Each Score
Percentile by Number Answered
Your Score History
You have not taken this quiz